Music Quiz

Random Music or Artist Quiz

Click the Queen Albums Quiz Stats

 Plays Quiz Updated Nov 18, 2017

Score 0/15 Timer 03:00
6 Plays Today
% Correct
Flash Gordon
81.4%
News of the World
72.6%
Jazz
64.6%
Sheer
Heart
Attack
64.3%
A Day at the Races
63.9%
Made in
Heaven
62.5%
A Night at the Opera
61.1%
Queen II
61.1%
% Correct
The Game
60.5%
A Kind of Magic
60%
Innuendo
58.6%
The Miracle
58.2%
Hot
Space
53.4%
The Works
53.3%
Queen
46.5%

You're not logged in!

Compare scores with friends on all Sporcle quizzes.
OR
Log In

You Might Also Like...

Show Comments

Extras

Top Quizzes Today


Score Distribution

Your Account Isn't Verified!

In order to create a playlist on Sporcle, you need to verify the email address you used during registration. Go to your Sporcle Settings to finish the process.

Report this User

Report this user for behavior that violates our Community Guidelines.

Details: